Geschichte Richtig oder Falsch #1 - Statistiken

Allgemein
  • Dieses Quiz wurde 13.753 mal gespielt
  • Das Durchschnittsergebnis liegt bei 11 aus 18
Antwortstatistiken
Frage Antwort % Korrekt
Menschen waren teils verantwortlich für das Aussterben der Dinosaurier Falsch
86%
Schießpulver wurde in China erfunden Richtig
79%
Tomaten kamen ursprünglich aus der Neuen Welt Richtig
72%
Irland wurde von den antiken Römern kolonisiert Falsch
71%
Columbus war der erste Europäer, der nach Amerika gefahren ist Falsch
69%
Von einem Adeligen, der im 19. Jahrhundert in St. Petersburg, Russland wohnte, wurde fließendes Französisch erwartet Richtig
69%
Sokrates starb im Kampf Falsch
67%
Kalifornien und Texas waren mal Teil von Mexiko Richtig
67%
Ägypten, Jordanien und Syrien haben alle Israel angegriffen Richtig
63%
Das Saxophon wurde von Adolphe Sax entwickelt Richtig
60%
China kämpfte im Zweiten Weltkrieg Richtig
59%
Die Pyramiden von Gizeh sind das einzige der alten Weltwunder, das noch steht Richtig
54%
Bach wurde von Beethoven beeinflusst Falsch
53%
Es gibt Fotos von einem (sehr alten) George Washington Falsch
50%
Die Nazis griffen Griechenland während des Zweiten Weltkriegs an Richtig
47%
Dokumente, die in klassischem Griechisch geschrieben wurden, verwendeten keine Leerzeichen zwischen Wörtern Richtig
45%
Die meisten Gelehrten glauben jetzt, dass Shakespeare die meisten Stücke, die seinen Namen tragen, nicht geschrieben hat Falsch
41%
Das Reich der Inka überdauerte über 2000 Jahre Falsch
34%
Keine übereinstimmenden Quizze gefunden
Verteilung der Resultate
Anzahl Personen mit jedem Resultat
Perzentil nach korrekt beantworteten Fragen
Ihre Resultats-Entwicklung
Sie haben dieses Quiz noch nicht gespielt